[Event "Budapest FS05 Nadassy"]
[Site "Budapest"]
[Date "2021.05.11"]
[Round "10.4"]
[White "Gulacsi, Donat Ferenc"]
[Black "Szalanczy, Emil"]
[Result "0-1"]
[WhiteElo "1855"]
[BlackElo "2076"]
[PlyCount "25"]
[EventDate "2021.05.01"]
[EventType "schev"]
[EventRounds "10"]
[EventCountry "HUN"]
[SourceTitle "CBM 202 Extra"]
[Source "ChessBase"]
[SourceDate "2021.07.31"]
[SourceVersion "1"]
[SourceVersionDate "2021.07.31"]
[SourceQuality "1"]
[WhiteTeam "Weaker Row"]
[BlackTeam "Stronger Row"]
[WhiteTeamCountry "HUN"]
[BlackTeamCountry "HUN"]

1. e4 c5 2. Nf3 d6 3. Bc4 e6 4. 0-0 Nf6 5. d3 Be7 6. c3 0-0 7. Re1 Nc6 8. Bb3 b6 9. Bg5 Bb7 10. d4 d5 11. e5 Ne4 12. Bxe7 Qxe7 13. Nbd2 0-1

[Event "HUN-ch U12"]
[Site "Balatonlelle"]
[Date "2019.06.24"]
[Round "4"]
[White "Szikszai, Bertalan"]
[Black "Gulacsi, Donat Ferenc"]
[Result "1-0"]
[WhiteElo "1896"]
[BlackElo "1638"]
[PlyCount "154"]
[EventDate "2019.06.21"]
[EventType "swiss"]
[EventRounds "9"]
[EventCountry "HUN"]
[SourceTitle "CBM 191 Extra"]
[Source "ChessBase"]
[SourceDate "2019.09.30"]
[SourceVersion "1"]
[SourceVersionDate "2019.09.30"]
[SourceQuality "1"]

1. e4 c6 2. d4 d5 3. Nc3 dxe4 4. Nxe4 Nf6 5. Ng3 e5 6. Be3 exd4 7. Bxd4 Be7 8. Nf3 0-0 9. Be2 Be6 10. 0-0 Nd5 11. Qd2 Nd7 12. c4 N5b6 13. b3 Bf6 14. Rad1 Qc7 15. Rfe1 Rad8 16. Qc2 Ne5 17. Nxe5 Bxe5 18. Bxe5 Qxe5 19. Bd3 Qa5 20. Bxh7+ Kh8 21. Be4 Nd7 22. Bd3 Rfe8 23. Ne4 Bf5 24. Qe2 Nf6 25. f3 Nxe4 26. Bxe4 Bxe4 27. Rxd8 Rxd8 28. Qxe4 Qd2 29. Re2 Qd6 30. Qe3 a5 31. Qe5 f6 32. Qh5+ Kg8 33. Re8+ Rxe8 34. Qxe8+ Kh7 35. Qe3 a4 36. Qe4+ Kg8 37. Qc2 a3 38. Qe2 Kf7 39. g3 Qd4+ 40. Kf1 Qa1+ 41. Kg2 Qb2 42. Qf2 Kf8 43. f4 Ke7 44. Kf3 Kd6 45. Qe2 Kc5 46. Qe7+ Kb6 47. Qe3+ Ka5 48. Qc5+ Ka6 49. b4 b6 50. Qxc6 Ka7 51. Qc7+ Ka8 52. c5 bxc5 53. Qc8+ Ka7 54. Qxc5+ Kb7 55. b5 Qxa2 56. Qc6+ Kb8 57. b6 Qf7 58. Qd6+ Kb7 59. Qxa3 Kxb6 60. Qb4+ Kc6 61. Qe4+ Kc5 62. g4 Kd6 63. Qd3+ Kc5 64. h4 Kc6 65. f5 Kc5 66. Qc3+ Kd6 67. Kf4 Qg8 68. g5 fxg5+ 69. hxg5 Kd7 70. Qc5 Qb8+ 71. Kg4 Qg8 72. Qe5 Qc4+ 73. Kh5 Qf7+ 74. g6 Qf8 75. Qe6+ Kd8 76. Qb6+ Kd7 77. Qb7+ Ke8 1-0